[Event "Ste Foy Capablanca"]
[Site "Ste Foy CAN"]
[Date "2018.01.22"]
[Round "5"]
[White "Fecteau, Martin"]
[Black "Bluteau, Yvon"]
[Result "1-0"]
[WhiteElo "1984"]
[BlackElo "1767"]
[WhiteFideId "-1"]
[WhiteFideId "-1"]
[PlyCount "93"]
[GameId "2160767908300562"]
[EventDate "2017.12.04"]
[EventType "swiss"]
[EventRounds "5"]
[EventCountry "CAN"]
[SourceTitle "EXT 2022"]
[Source "ChessBase"]
[SourceDate "2021.10.06"]
[SourceVersion "1"]
[SourceVersionDate "2021.10.06"]
[SourceQuality "1"]

1. Nf3 Nf6 2. c4 g6 3. g3 Bg7 4. Bg2 O-O 5. Nc3 d6 6. d4 Nc6 7. d5 Na5 8. Qd3 Bf5 9. e4 Bg4 10. h3 Bxf3 11. Bxf3 c5 12. b3 Nd7 13. Bg2 Ne5 14. Qc2 Naxc4 15. bxc4 Nxc4 16. Bd2 Qa5 17. Rc1 Nxd2 18. Qxd2 b5 19. O-O c4 20. Nb1 Qb6 21. Kh2 Rac8 22. Na3 a5 23. Qe2 Qc5 24. Nc2 b4 25. Ne3 c3 26. Qc2 Qb5 27. Rb1 a4 28. Rfc1 Rb8 29. Bf1 Qd7 30. Be2 Rb7 31. Bd1 Ra8 32. Qe2 Bh6 33. Bc2 Qc7 34. Re1 Qc5 35. Qd1 Qa7 36. Kg2 Bg7 37. h4 Qa5 38. h5 Rba7 39. hxg6 hxg6 40. Ng4 Rb7 41. Rh1 f6 42. Qd3 Qc5 43. Ne3 Kf7 44. Qc4 Qa5 45. Ng4 Rab8 46. Ne3 Rc7 47. Qd3 1-0

[Event "Ste Foy Capablanca"]
[Site "Ste Foy CAN"]
[Date "2018.01.22"]
[Round "5"]
[White "Laprade, Jean Jr"]
[Black "Poitras, Marc"]
[Result "1-0"]
[WhiteElo "1675"]
[BlackElo "1431"]
[WhiteFideId "-1"]
[WhiteFideId "-1"]
[PlyCount "83"]
[GameId "2160767908300563"]
[EventDate "2017.12.04"]
[EventType "swiss"]
[EventRounds "5"]
[EventCountry "CAN"]
[SourceTitle "EXT 2022"]
[Source "ChessBase"]
[SourceDate "2021.10.06"]
[SourceVersion "1"]
[SourceVersionDate "2021.10.06"]
[SourceQuality "1"]

1. e4 c5 2. Nf3 Nc6 3. d4 cxd4 4. Nxd4 Nf6 5. Nc3 e5 6. Ndb5 a6 7. Nd6+ Bxd6 8. Qxd6 Qe7 9. Qxe7+ Nxe7 10. Bd3 d5 11. O-O h6 12. exd5 Nfxd5 13. Nxd5 Nxd5 14. Re1 f6 15. f4 O-O 16. fxe5 Be6 17. exf6 Rxf6 18. Bc4 Nf4 19. Bxe6+ Nxe6 20. Be3 Nc7 21. Bd4 Rf5 22. Re7 Rf7 23. Rae1 Rc8 24. c3 Nd5 25. Rxf7 Kxf7 26. Rf1+ Nf6 27. Bxf6 gxf6 28. Rd1 Ke6 29. Rd4 Kf5 30. Kf2 Re8 31. Rd7 b5 32. Rd6 Re6 33. Rxe6 Kxe6 34. g4 Ke5 35. Ke3 a5 36. a4 f5 37. gxf5 Kxf5 38. axb5 Ke6 39. Kd4 Kd6 40. c4 h5 41. c5+ Kc7 42. Kd5 1-0

[Event "Ste Foy Capablanca"]
[Site "Ste Foy CAN"]
[Date "2018.01.22"]
[Round "5"]
[White "Lescarbeau, Martin"]
[Black "Beauchesne, Jonathan"]
[Result "0-1"]
[WhiteElo "1659"]
[BlackElo "1810"]
[WhiteFideId "-1"]
[WhiteFideId "-1"]
[PlyCount "144"]
[GameId "2160767908300564"]
[EventDate "2017.12.04"]
[EventType "swiss"]
[EventRounds "5"]
[EventCountry "CAN"]
[SourceTitle "EXT 2022"]
[Source "ChessBase"]
[SourceDate "2021.10.06"]
[SourceVersion "1"]
[SourceVersionDate "2021.10.06"]
[SourceQuality "1"]

1. d4 Nf6 2. c4 g6 3. Nf3 Bg7 4. g3 O-O 5. Bg2 d6 6. O-O Nbd7 7. Nc3 c6 8. e4 e5 9. h3 h6 10. Be3 Qe7 11. d5 c5 12. Nh2 Kh7 13. g4 a6 14. a4 Ng8 15. Qc2 Bf6 16. Rac1 Bg5 17. Qd2 Bxe3 18. Qxe3 g5 19. Ne2 Qf6 20. Ng3 Ne7 21. Nf5 Ng6 22. Nf3 Nf4 23. Kh2 Rh8 24. Rh1 Nf8 25. h4 Bxf5 26. hxg5 hxg5 27. Kg3+ Kg7 28. Rxh8 Kxh8 29. exf5 Kg7 30. Nd2 Nd7 31. Ne4 Qe7 32. Rh1 Rh8 33. Rxh8 Kxh8 34. Qe1 f6 35. Qa5 Ne2+ 36. Kf3 Nd4+ 37. Ke3 Nc2+ 38. Kd2 b6 39. Qxa6 Nb4 40. Qc8+ Kg7 41. Qc7 Na6 42. Qxd6 Qxd6 43. Nxd6 Nb4 44. Nc8 Kf8 45. d6 Ke8 46. Na7 Nb8 47. Nb5 Kd7 48. Bd5 Nxd5 49. cxd5 Na6 50. Kc3 Nb4 51. Kc4 e4 52. a5 bxa5 53. Kxc5 Nd3+ 54. Kb6 Nxf2 55. Kxa5 e3 56. Nc3 Nd3 57. b4 Kxd6 58. b5 Nc5 59. Kb4 Nd7 60. Kc4 Ne5+ 61. Kd4 Nxg4 62. b6 Ne5 63. Nb5+ Kd7 64. b7 e2 65. b8=Q e1=Q 66. Qd6+ Ke8 67. Nc7+ Kf7 68. Qe6+ Kf8 69. Qxf6+ Nf7 70. Ne6+ Ke8 71. Nc7+ Kf8 72. d6 Qa1+ 0-1

[Event "Ste Foy Capablanca"]
[Site "Ste Foy CAN"]
[Date "2018.01.22"]
[Round "5"]
[White "Potvin, Alain-Nicolas"]
[Black "Lessard, Claude"]
[Result "0-1"]
[WhiteElo "1790"]
[BlackElo "2118"]
[WhiteFideId "-1"]
[WhiteFideId "-1"]
[PlyCount "108"]
[GameId "2160767908300565"]
[EventDate "2017.12.04"]
[EventType "swiss"]
[EventRounds "5"]
[EventCountry "CAN"]
[SourceTitle "EXT 2022"]
[Source "ChessBase"]
[SourceDate "2021.10.06"]
[SourceVersion "1"]
[SourceVersionDate "2021.10.06"]
[SourceQuality "1"]

1. d4 Nf6 2. Nf3 c5 3. e3 cxd4 4. exd4 d5 5. Bd3 Nc6 6. c3 g6 7. O-O Bg4 8. Bg5 Ne4 9. Bf4 Qb6 10. Qe2 Bxf3 11. gxf3 Nf6 12. Na3 Nh5 13. Bd6 e6 14. Bxf8 Kxf8 15. Qd2 Kg7 16. Nc2 Qd8 17. Ne3 Qf6 18. Be2 Nf4 19. Kh1 h5 20. Ng2 Nxe2 21. Qxe2 Rab8 22. Qe3 Rhe8 23. f4 b5 24. a3 a5 25. Rfc1 b4 26. Ne1 bxc3 27. bxc3 Rb3 28. Nf3 a4 29. Kg2 Rc8 30. Ra2 Na5 31. Nd2 Nc4 32. Nxc4 Rxc4 33. Rcc2 Qf5 34. h3 Qe4+ 35. Kf1 Qh1+ 36. Ke2 Rb1 37. Kd3 Qd1+ 38. Qd2 Qf1+ 39. Qe2 Qxh3+ 40. Qe3 Qf1+ 41. Qe2 Rd1+ 42. Rd2 Rxd2+ 43. Rxd2 Qb1+ 44. Rc2 Qb8 45. Qe5+ Qxe5 46. fxe5 h4 47. f4 f6 48. Rb2 fxe5 49. fxe5 g5 50. Rb7+ Kg6 51. Re7 Rc6 52. Re8 h3 53. Rf8 g4 54. Rg8+ Kf5 0-1

[Event "Ste Foy Capablanca"]
[Site "Ste Foy CAN"]
[Date "2018.01.22"]
[Round "5"]
[White "Pouliot, Lewis"]
[Black "Tremblay-Alix, Eric"]
[Result "1-0"]
[WhiteElo "1420"]
[BlackElo "1851"]
[WhiteFideId "-1"]
[WhiteFideId "-1"]
[PlyCount "89"]
[GameId "2160767908300566"]
[EventDate "2017.12.04"]
[EventType "swiss"]
[EventRounds "5"]
[EventCountry "CAN"]
[SourceTitle "EXT 2022"]
[Source "ChessBase"]
[SourceDate "2021.10.06"]
[SourceVersion "1"]
[SourceVersionDate "2021.10.06"]
[SourceQuality "1"]

1. d4 Nf6 2. c4 e6 3. a3 d5 4. Bg5 Be7 5. Nf3 O-O 6. e3 a5 7. Nc3 Nbd7 8. Qc2 c6 9. Bd3 dxc4 10. Bxc4 b5 11. Ba2 Nb6 12. O-O Bb7 13. Ne5 Nbd7 14. Nxd7 Nxd7 15. Bxe7 Qxe7 16. Bb1 f5 17. e4 Qg5 18. f4 Qg6 19. d5 b4 20. dxe6 Qxe6 21. Ba2 Qxa2 22. Nxa2 fxe4 23. Qxe4 Rfe8 24. Qc4+ Kh8 25. axb4 axb4 26. Qxb4 Rab8 27. Qd4 Nf6 28. Nc3 Rbd8 29. Qc5 Nd7 30. Qa3 Nb6 31. Rad1 Rc8 32. Qc5 Nd5 33. g3 Nf6 34. Rfe1 Rb8 35. Ra1 Nd7 36. Qd6 Nb6 37. b3 Rg8 38. Qe7 h6 39. Ra7 Ba8 40. Qd6 Nd5 41. Nxd5 cxd5 42. Ree7 Rbc8 43. Rxg7 Rc1+ 44. Kg2 d4+ 45. Kh3 1-0

[Event "Ste Foy Euwe"]
[Site "Ste Foy CAN"]
[Date "2017.01.14"]
[Round "1"]
[White "Desbiens, Raphael"]
[Black "Sarra-Bournet, Marc"]
[Result "1-0"]
[WhiteElo "1529"]
[BlackElo "1860"]
[WhiteFideId "-1"]
[WhiteFideId "-1"]
[PlyCount "113"]
[GameId "2160767908478867"]
[EventDate "2017.01.14"]
[EventType "swiss"]
[EventRounds "5"]
[EventCountry "CAN"]
[SourceTitle "EXT 2022"]
[Source "ChessBase"]
[SourceDate "2021.10.06"]
[SourceVersion "1"]
[SourceVersionDate "2021.10.06"]
[SourceQuality "1"]

1. e4 e5 2. Nf3 Nc6 3. Bb5 a6 4. Ba4 Nf6 5. O-O Be7 6. Re1 b5 7. Bb3 d6 8. c3 O-O 9. d4 Bg4 10. Be3 Na5 11. dxe5 Bxf3 12. Qxf3 dxe5 13. Nd2 Nxb3 14. Nxb3 Qc8 15. Qg3 Re8 16. Bc5 Qe6 17. Qe3 Rad8 18. f3 Qc4 19. Bxe7 Rxe7 20. Na5 Qe6 21. Nb7 Rb8 22. Qa7 Qb6+ 23. Qxb6 cxb6 24. Nd6 Rd7 25. Nf5 Rd2 26. Rab1 Rbd8 27. Ne7+ Kf8 28. Nc6 Re8 29. Red1 Rxd1+ 30. Rxd1 g6 31. Rd6 Kg7 32. Nb4 a5 33. Nd3 Nh5 34. g3 Nf6 35. Kf2 Rb8 36. Nxe5 Rb7 37. Ke3 h5 38. Kd3 Re7 39. Nc6 Rd7 40. e5 Rxd6+ 41. exd6 Nd7 42. Kd4 f6 43. Kd5 Kf7 44. Nd4 Ke8 45. Kc6 Kd8 46. Nxb5 Ne5+ 47. Kxb6 Nxf3 48. Kc6 Ne5+ 49. Kd5 Kd7 50. c4 Nc6 51. a3 f5 52. c5 g5 53. Nd4 Nxd4 54. Kxd4 Ke6 55. b4 axb4 56. axb4 g4 57. Ke3 1-0

[Event "Ste Foy Euwe"]
[Site "Ste Foy CAN"]
[Date "2017.01.14"]
[Round "1"]
[White "Drolet, Stephane"]
[Black "Labrecque, Rejean"]
[Result "1-0"]
[WhiteElo "2113"]
[BlackElo "1666"]
[WhiteFideId "-1"]
[WhiteFideId "-1"]
[PlyCount "89"]
[GameId "2160767908478868"]
[EventDate "2017.01.14"]
[EventType "swiss"]
[EventRounds "5"]
[EventCountry "CAN"]
[SourceTitle "EXT 2022"]
[Source "ChessBase"]
[SourceDate "2021.10.06"]
[SourceVersion "1"]
[SourceVersionDate "2021.10.06"]
[SourceQuality "1"]

1. d4 d5 2. Nf3 Nf6 3. Bf4 Bf5 4. c4 dxc4 5. Nc3 c6 6. a4 e6 7. e3 Bb4 8. Bxc4 h6 9. O-O O-O 10. Qb3 a5 11. Na2 Qe7 12. Nxb4 axb4 13. h3 Nbd7 14. Rfe1 Ne4 15. Bd3 Ndf6 16. Qc2 Rfc8 17. Nd2 Nxd2 18. Bxf5 exf5 19. Qxd2 c5 20. d5 Ne4 21. Qc2 c4 22. f3 b3 23. Qc1 Nd6 24. Qd2 Rc5 25. Red1 Raa5 26. Qb4 Rxd5 27. Bxd6 Qxe3+ 28. Kh1 Rxd1+ 29. Rxd1 Qa7 30. Qxc4 Rxa4 31. Qc8+ Kh7 32. Qxf5+ Kg8 33. Ba3 Rd4 34. Re1 Qb8 35. Qb5 Qg3 36. Re8+ Kh7 37. Qf5+ Qg6 38. Qxg6+ Kxg6 39. Re3 h5 40. Rxb3 f5 41. Rb6+ Kg5 42. Rxb7 g6 43. Be7+ Kf4 44. Rb4 Rxb4 45. Bxb4 1-0

[Event "Ste Foy Euwe"]
[Site "Ste Foy CAN"]
[Date "2017.01.14"]
[Round "1"]
[White "Fortier, Bertrand"]
[Black "Quigley, Charles David"]
[Result "0-1"]
[WhiteElo "1744"]
[BlackElo "1764"]
[WhiteFideId "-1"]
[WhiteFideId "-1"]
[PlyCount "48"]
[GameId "2160767908478869"]
[EventDate "2017.01.14"]
[EventType "swiss"]
[EventRounds "5"]
[EventCountry "CAN"]
[SourceTitle "EXT 2022"]
[Source "ChessBase"]
[SourceDate "2021.10.06"]
[SourceVersion "1"]
[SourceVersionDate "2021.10.06"]
[SourceQuality "1"]

1. e4 c5 2. Nf3 e6 3. d4 cxd4 4. Nxd4 Nc6 5. Nb5 d6 6. c3 Nf6 7. Bd3 Be7 8. O-O Ne5 9. Bc2 a6 10. Nd4 d5 11. exd5 Nxd5 12. Re1 Nc6 13. Be3 Nxe3 14. fxe3 O-O 15. Nd2 Qb6 16. Nc4 Qc7 17. Nxc6 bxc6 18. Qh5 g6 19. Qh6 a5 20. Rf1 Ba6 21. b3 Bxc4 22. bxc4 Qe5 23. Rac1 Bg5 24. Qh3 Qxe3+ 0-1

[Event "Ste Foy Euwe"]
[Site "Ste Foy CAN"]
[Date "2017.01.14"]
[Round "1"]
[White "Gaudreau, Eric"]
[Black "Sauve, Richard"]
[Result "1/2-1/2"]
[WhiteElo "1656"]
[BlackElo "1895"]
[WhiteFideId "-1"]
[WhiteFideId "-1"]
[PlyCount "92"]
[GameId "2160767908478870"]
[EventDate "2017.01.14"]
[EventType "swiss"]
[EventRounds "5"]
[EventCountry "CAN"]
[SourceTitle "EXT 2022"]
[Source "ChessBase"]
[SourceDate "2021.10.06"]
[SourceVersion "1"]
[SourceVersionDate "2021.10.06"]
[SourceQuality "1"]

1. d4 f5 2. Nc3 Nf6 3. Bg5 d5 4. e3 e6 5. Bd3 Be7 6. Bxf6 Bxf6 7. Nf3 O-O 8. O-O Nd7 9. Qd2 c6 10. Ne2 b6 11. c4 Bb7 12. cxd5 cxd5 13. Rfc1 Rc8 14. Rxc8 Qxc8 15. Rc1 Qb8 16. Bb5 Qd6 17. Rc2 Rc8 18. Rxc8+ Bxc8 19. Qc2 Qb8 20. Qc6 Nf8 21. Qe8 Qc7 22. Qc6 Qxc6 23. Bxc6 Bd7 24. Bxd7 Nxd7 25. Nf4 Kf7 26. Nd3 g5 27. Kf1 Ke7 28. Ke2 Kd6 29. b3 h6 30. Nfe1 Kc6 31. Nb4+ Kb7 32. Nbd3 Be7 33. Nf3 Bd6 34. Nfe5 Bxe5 35. Nxe5 Nxe5 36. dxe5 Kc6 37. Kd3 Kc5 38. a3 a5 39. f3 b5 40. g3 g4 41. fxg4 fxg4 42. Kc3 b4+ 43. axb4+ axb4+ 44. Kd3 h5 45. Kd2 Kc6 46. Kd3 Kc5 1/2-1/2

[Event "Ste Foy Euwe"]
[Site "Ste Foy CAN"]
[Date "2017.01.14"]
[Round "1"]
[White "Laflamme, Simon"]
[Black "Stoyanova, Stela"]
[Result "1/2-1/2"]
[WhiteElo "1873"]
[BlackElo "1533"]
[WhiteFideId "-1"]
[WhiteFideId "-1"]
[PlyCount "35"]
[GameId "2160767908478871"]
[EventDate "2017.01.14"]
[EventType "swiss"]
[EventRounds "5"]
[EventCountry "CAN"]
[SourceTitle "EXT 2022"]
[Source "ChessBase"]
[SourceDate "2021.10.06"]
[SourceVersion "1"]
[SourceVersionDate "2021.10.06"]
[SourceQuality "1"]

1. e4 e6 2. Nf3 d5 3. e5 c5 4. b4 Bd7 5. bxc5 Bxc5 6. d4 Bb6 7. Bd3 Nc6 8. c3 f6 9. exf6 Nxf6 10. Ba3 Ne7 11. Qe2 O-O 12. Ng5 e5 13. Qxe5 Nc6 14. Bxh7+ Kh8 15. Qg3 Nxh7 16. Bxf8 Qxg5 17. Qxg5 Nxg5 18. Bd6 1/2-1/2

[Event "Ste Foy Euwe"]
[Site "Ste Foy CAN"]
[Date "2017.01.21"]
[Round "2"]
[White "Gingras, Philippe"]
[Black "Drolet, Stephane"]
[Result "0-1"]
[WhiteElo "1808"]
[BlackElo "2113"]
[WhiteFideId "-1"]
[WhiteFideId "-1"]
[PlyCount "44"]
[GameId "2160767908478872"]
[EventDate "2017.01.14"]
[EventType "swiss"]
[EventRounds "5"]
[EventCountry "CAN"]
[SourceTitle "EXT 2022"]
[Source "ChessBase"]
[SourceDate "2021.10.06"]
[SourceVersion "1"]
[SourceVersionDate "2021.10.06"]
[SourceQuality "1"]

1. d4 d5 2. Nf3 Nf6 3. Bg5 Ne4 4. Bf4 c5 5. c3 Nc6 6. e3 Qb6 7. Qc2 Bf5 8. Nh4 Bd7 9. Nd2 e6 10. Nhf3 Rc8 11. Bd3 f5 12. dxc5 Bxc5 13. Nb3 Be7 14. Qe2 Bf6 15. Nbd4 O-O 16. Nxc6 Bxc6 17. Be5 Nc5 18. b4 Nxd3+ 19. Qxd3 Bb5 20. Qd4 Qxd4 21. cxd4 Be7 22. a3 Rc2 0-1

[Event "Ste Foy Euwe"]
[Site "Ste Foy CAN"]
[Date "2017.01.21"]
[Round "2"]
[White "Lessard, Claude"]
[Black "Desbiens, Raphael"]
[Result "1-0"]
[WhiteElo "2174"]
[BlackElo "1529"]
[WhiteFideId "-1"]
[WhiteFideId "-1"]
[PlyCount "31"]
[GameId "2160767908478873"]
[EventDate "2017.01.14"]
[EventType "swiss"]
[EventRounds "5"]
[EventCountry "CAN"]
[SourceTitle "EXT 2022"]
[Source "ChessBase"]
[SourceDate "2021.10.06"]
[SourceVersion "1"]
[SourceVersionDate "2021.10.06"]
[SourceQuality "1"]

1. d4 Nf6 2. Nf3 g6 3. g3 Bg7 4. c4 c6 5. Nc3 d5 6. Bg2 O-O 7. O-O Nbd7 8. cxd5 cxd5 9. Bf4 a6 10. Rc1 b5 11. a4 Qa5 12. axb5 Qb4 13. Ne5 e6 14. Nc6 Qxb2 15. Bd6 Re8 16. Rc2 1-0

[Event "Ste Foy Euwe"]
[Site "Ste Foy CAN"]
[Date "2017.01.21"]
[Round "2"]
[White "Quigley, Charles David"]
[Black "Dube, Daniel"]
[Result "0-1"]
[WhiteElo "1764"]
[BlackElo "1838"]
[WhiteFideId "-1"]
[WhiteFideId "-1"]
[PlyCount "84"]
[GameId "2160767908478874"]
[EventDate "2017.01.14"]
[EventType "swiss"]
[EventRounds "5"]
[EventCountry "CAN"]
[SourceTitle "EXT 2022"]
[Source "ChessBase"]
[SourceDate "2021.10.06"]
[SourceVersion "1"]
[SourceVersionDate "2021.10.06"]
[SourceQuality "1"]

1. d4 g6 2. e4 Bg7 3. Nc3 a6 4. Be3 b5 5. b4 a5 6. Rb1 axb4 7. Rxb4 c6 8. Bd2 Na6 9. Rb1 Bxd4 10. Nf3 Bg7 11. Bd3 Nc5 12. O-O Nxd3 13. cxd3 d6 14. h3 e5 15. Qc2 Ne7 16. a4 bxa4 17. Nxa4 O-O 18. Nb6 Ra6 19. Nc4 Be6 20. Rfd1 Qc7 21. Be3 c5 22. Rb5 Nc6 23. Nxd6 Qxd6 24. Bxc5 Qd7 25. Bxf8 Bxf8 26. Nxe5 Nxe5 27. Rxe5 Ra2 28. Qc3 Bg7 29. Rb1 Bxe5 30. Qxe5 Ra8 31. d4 Ba2 32. Re1 Qe6 33. Qf4 Rd8 34. Qe3 Qb3 35. Qd2 Qc4 36. d5 Re8 37. Rc1 Qa4 38. Ra1 Ra8 39. d6 Qxe4 40. Re1 Qd5 41. Qxd5 Bxd5 42. d7 Be6 0-1

[Event "Ste Foy Euwe"]
[Site "Ste Foy CAN"]
[Date "2017.01.21"]
[Round "2"]
[White "Sauve, Richard"]
[Black "Laflamme, Simon"]
[Result "1/2-1/2"]
[WhiteElo "1895"]
[BlackElo "1873"]
[WhiteFideId "-1"]
[WhiteFideId "-1"]
[PlyCount "52"]
[GameId "2160767908478875"]
[EventDate "2017.01.14"]
[EventType "swiss"]
[EventRounds "5"]
[EventCountry "CAN"]
[SourceTitle "EXT 2022"]
[Source "ChessBase"]
[SourceDate "2021.10.06"]
[SourceVersion "1"]
[SourceVersionDate "2021.10.06"]
[SourceQuality "1"]

1. d4 Nf6 2. c4 e6 3. Nc3 Bb4 4. Qc2 c5 5. dxc5 Na6 6. a3 Bxc3+ 7. Qxc3 Nxc5 8. Nf3 Nce4 9. Qc2 d5 10. cxd5 exd5 11. e3 O-O 12. Bd3 Bg4 13. O-O Rc8 14. Qa4 Bxf3 15. gxf3 Ng5 16. Kh1 Qd6 17. Be2 Nxf3 18. Qf4 Qxf4 19. exf4 Nd4 20. Bd3 Nb3 21. Rb1 d4 22. Kg2 Rfe8 23. Kf3 Nd5 24. f5 f6 25. Rd1 Nb6 26. Bf4 Nc5 1/2-1/2

[Event "Ste Foy Euwe"]
[Site "Ste Foy CAN"]
[Date "2017.01.28"]
[Round "3"]
[White "Drolet, Stephane"]
[Black "Dube, Daniel"]
[Result "1-0"]
[WhiteElo "2113"]
[BlackElo "1838"]
[WhiteFideId "-1"]
[WhiteFideId "-1"]
[PlyCount "101"]
[GameId "2160767908478876"]
[EventDate "2017.01.14"]
[EventType "swiss"]
[EventRounds "5"]
[EventCountry "CAN"]
[SourceTitle "EXT 2022"]
[Source "ChessBase"]
[SourceDate "2021.10.06"]
[SourceVersion "1"]
[SourceVersionDate "2021.10.06"]
[SourceQuality "1"]

1. d4 g6 2. c4 Bg7 3. e4 d6 4. Nc3 e5 5. d5 a5 6. Bd3 Nd7 7. Nge2 Nc5 8. Bc2 h5 9. O-O Bh6 10. f4 exf4 11. Nxf4 Nf6 12. Be3 b6 13. Bd4 Ncd7 14. Ne6 fxe6 15. dxe6 O-O 16. exd7 Nxd7 17. Rxf8+ Nxf8 18. Nd5 Nd7 19. Qf3 Bg7 20. e5 Bxe5 21. Bxe5 Nxe5 22. Ne7+ Qxe7 23. Qxa8 Qe8 24. Qe4 Bf5 25. Qe2 Bxc2 26. Qxc2 Qe6 27. Rc1 Ng4 28. Qd2 Qe3+ 29. Qxe3 Nxe3 30. b3 Ng4 31. h3 Ne5 32. Kf1 Kf7 33. Ke2 Ke6 34. Ke3 Kd7 35. Rg1 Ke7 36. Kd4 Nc6+ 37. Kc3 Ne5 38. a3 c5 39. b4 axb4+ 40. axb4 cxb4+ 41. Kxb4 Ke6 42. Rd1 Kd7 43. Kb5 Kc7 44. Rf1 Kd7 45. Rf4 Kc7 46. Rf8 Nd7 47. Rg8 Ne5 48. Rg7+ Kd8 49. Rb7 Nd7 50. Kc6 Ne5+ 51. Kd5 1-0

[Event "Ste Foy Euwe"]
[Site "Ste Foy CAN"]
[Date "2017.01.28"]
[Round "3"]
[White "Fortier, Bertrand"]
[Black "Doyon, Stephane"]
[Result "1-0"]
[WhiteElo "1744"]
[BlackElo "1881"]
[WhiteFideId "-1"]
[WhiteFideId "-1"]
[PlyCount "89"]
[GameId "2160767908478877"]
[EventDate "2017.01.14"]
[EventType "swiss"]
[EventRounds "5"]
[EventCountry "CAN"]
[SourceTitle "EXT 2022"]
[Source "ChessBase"]
[SourceDate "2021.10.06"]
[SourceVersion "1"]
[SourceVersionDate "2021.10.06"]
[SourceQuality "1"]

1. e4 c6 2. d4 d5 3. exd5 cxd5 4. Nf3 Nf6 5. Be2 e6 6. c3 Qc7 7. Ne5 Nbd7 8. Bb5 Bd6 9. f4 O-O 10. O-O a6 11. Bd3 b5 12. Qe1 Bb7 13. Qh4 Ne4 14. Rf3 Ndf6 15. Rh3 Rfc8 16. g4 g6 17. Bxe4 Bxe5 18. fxe5 Nxe4 19. Qxh7+ Kf8 20. Rf3 g5 21. Qh6+ Ke8 22. Bxg5 Nxg5 23. Qxg5 Qe7 24. Rf6 Kd7 25. Nd2 Rg8 26. Qf4 Rg7 27. h4 Rg6 28. g5 Rxf6 29. Qxf6 a5 30. Rf1 Rf8 31. Nb3 Qxf6 32. Rxf6 Ke7 33. Nxa5 Ba8 34. Kg2 b4 35. Rf3 bxc3 36. Rxc3 Rb8 37. b3 Kf8 38. Kg3 Bb7 39. h5 Ba6 40. Rc7 Be2 41. h6 Bd3 42. Nb7 Ra8 43. a4 Rb8 44. Nc5 Bc2 45. Nd7+ 1-0

[Event "Ste Foy Euwe"]
[Site "Ste Foy CAN"]
[Date "2017.01.28"]
[Round "3"]
[White "Gingras, Philippe"]
[Black "Sauve, Richard"]
[Result "1/2-1/2"]
[WhiteElo "1808"]
[BlackElo "1895"]
[WhiteFideId "-1"]
[WhiteFideId "-1"]
[PlyCount "84"]
[GameId "2160767908478878"]
[EventDate "2017.01.14"]
[EventType "swiss"]
[EventRounds "5"]
[EventCountry "CAN"]
[SourceTitle "EXT 2022"]
[Source "ChessBase"]
[SourceDate "2021.10.06"]
[SourceVersion "1"]
[SourceVersionDate "2021.10.06"]
[SourceQuality "1"]

1. d4 e6 2. c4 d5 3. Nc3 c6 4. e4 dxe4 5. Nxe4 Bb4+ 6. Bd2 Qxd4 7. Bxb4 Qxe4+ 8. Be2 Na6 9. Ba3 Ne7 10. Nf3 f6 11. O-O Kf7 12. Re1 Qf4 13. g3 Qc7 14. Bd6 Qd7 15. c5 Nc7 16. Bc4 Ncd5 17. Nh4 g6 18. Qf3 Re8 19. Rad1 Kg7 20. a3 e5 21. Bxe7 Qxe7 22. Bxd5 cxd5 23. Qxd5 Be6 24. Qd6 Kf7 25. f3 Red8 26. Qxe7+ Kxe7 27. b4 Rxd1 28. Rxd1 Rd8 29. Rc1 Rd3 30. c6 bxc6 31. Rxc6 Rxa3 32. Rc7+ Bd7 33. Kf2 Kd6 34. Rb7 Ra2+ 35. Kg1 Bh3 36. Rxh7 g5 37. Ng6 Bf5 38. Rg7 Rb2 39. Nf8 Rxb4 40. Rxa7 Rb1+ 41. Kf2 Rb2+ 42. Kg1 Rb1+ 1/2-1/2

[Event "Ste Foy Euwe"]
[Site "Ste Foy CAN"]
[Date "2017.01.28"]
[Round "3"]
[White "Laflamme, Simon"]
[Black "Lessard, Claude"]
[Result "0-1"]
[WhiteElo "1873"]
[BlackElo "2174"]
[WhiteFideId "-1"]
[WhiteFideId "-1"]
[PlyCount "64"]
[GameId "2160767908478879"]
[EventDate "2017.01.14"]
[EventType "swiss"]
[EventRounds "5"]
[EventCountry "CAN"]
[SourceTitle "EXT 2022"]
[Source "ChessBase"]
[SourceDate "2021.10.06"]
[SourceVersion "1"]
[SourceVersionDate "2021.10.06"]
[SourceQuality "1"]

1. d4 Nf6 2. Bg5 d5 3. Bxf6 exf6 4. e3 Bd6 5. c4 O-O 6. c5 Be7 7. Bd3 f5 8. Qf3 g6 9. Ne2 c6 10. O-O b6 11. b4 a5 12. b5 bxc5 13. dxc5 Nd7 14. Nd4 Ne5 15. Qe2 cxb5 16. Bxb5 Bxc5 17. Rd1 Qd6 18. Nc3 Bb7 19. Ba4 Rac8 20. Ndb5 Qf6 21. Bb3 Rfe8 22. Bxd5 Ba6 23. Bb3 Ng4 24. Nd5 Qh4 25. h3 Bxb5 26. Qxb5 Nxf2 27. Rf1 Nxh3+ 28. gxh3 Qg3+ 29. Kh1 Qxh3+ 30. Kg1 Rxe3 31. Nxe3 Qxe3+ 32. Kg2 Qg5+ 0-1

[Event "Ste Foy Euwe"]
[Site "Ste Foy CAN"]
[Date "2017.02.04"]
[Round "4"]
[White "Dube, Daniel"]
[Black "Fortier, Bertrand"]
[Result "1-0"]
[WhiteElo "1838"]
[BlackElo "1744"]
[WhiteFideId "-1"]
[WhiteFideId "-1"]
[PlyCount "52"]
[GameId "2160767908478880"]
[EventDate "2017.01.14"]
[EventType "swiss"]
[EventRounds "5"]
[EventCountry "CAN"]
[SourceTitle "EXT 2022"]
[Source "ChessBase"]
[SourceDate "2021.10.06"]
[SourceVersion "1"]
[SourceVersionDate "2021.10.06"]
[SourceQuality "1"]

1. e4 c5 2. Nf3 d6 3. d4 cxd4 4. Nxd4 a6 5. Nc3 g6 6. Be2 Bg7 7. O-O Nf6 8. Re1 O-O 9. Bf1 Ng4 10. h3 Ne5 11. f4 Nec6 12. Nb3 e5 13. Nd5 f5 14. Be3 exf4 15. Bxf4 Be5 16. Bh6 Rf7 17. exf5 Bxf5 18. Qd2 Qh4 19. Qg5 Qg3 20. Qxg3 Nd7 21. Rxe5 Ndxe5 22. Bd3 Nxd3 23. cxd3 Ne5 24. Rd1 Rc8 25. Nd4 Bxd3 26. Rxd3 Rc1+ 1-0

[Event "Ste Foy Euwe"]
[Site "Ste Foy CAN"]
[Date "2017.02.04"]
[Round "4"]
[White "Gaudreau, Eric"]
[Black "Gingras, Philippe"]
[Result "1/2-1/2"]
[WhiteElo "1656"]
[BlackElo "1808"]
[WhiteFideId "-1"]
[WhiteFideId "-1"]
[PlyCount "60"]
[GameId "2160767908478881"]
[EventDate "2017.01.14"]
[EventType "swiss"]
[EventRounds "5"]
[EventCountry "CAN"]
[SourceTitle "EXT 2022"]
[Source "ChessBase"]
[SourceDate "2021.10.06"]
[SourceVersion "1"]
[SourceVersionDate "2021.10.06"]
[SourceQuality "1"]

1. d4 Nf6 2. Bg5 Ne4 3. Bf4 d5 4. e3 c5 5. Nd2 Nxd2 6. Qxd2 cxd4 7. exd4 Nc6 8. c3 Bf5 9. Bd3 Bxd3 10. Qxd3 e6 11. Nf3 Bd6 12. Bxd6 Qxd6 13. O-O h6 14. Rfe1 O-O 15. Re2 Rab8 16. Rae1 b5 17. Ne5 b4 18. f4 bxc3 19. bxc3 Nxe5 20. dxe5 Qc5+ 21. Kh1 Rfc8 22. f5 Qxc3 23. Qa6 exf5 24. e6 fxe6 25. Qxe6+ Kh8 26. Qxd5 f4 27. Qd7 f3 28. Re8+ Rxe8 29. Rxe8+ Rxe8 30. Qxe8+ Kh7 1/2-1/2